Normal view
MARC view
- عميرات، زكريا ؛ ترجمة غروب عبد الرحمن
Entry Personal Name
001 - CONTROL NUMBER
- control field: 56497
003 - CONTROL NUMBER IDENTIFIER
- control field: JO-AjAnu
005 - DATE AND TIME OF LATEST TRANSACTION
- control field: 20230606083246.0
008 - FIXED-LENGTH DATA ELEMENTS
- fixed length control field: 230606|| aca||aabn | a|a d
040 ## - CATALOGING SOURCE
- Original cataloging agency: JO-AjAnu
- Transcribing agency: JO-AjAnu
100 ## - HEADING--PERSONAL NAME
- Personal name: عميرات، زكريا ؛ ترجمة غروب عبد الرحمن
670 ## - SOURCE DATA FOUND
- Source citation: Work cat.: (JO-AjAnu)28829: عميرات، زكريا ؛ ترجمة غروب عبد الرحمن, author, الأحاديث القدسية الصحيحة = The Authentic Holy Hadiths